000 nam a22 a 4500
999 _c849
_d849
003 AKMAL
005 20170505144716.0
008 170505s2008 my | e l 000 0 eng d
020 _a9677011332 (pbk.) :
_cRM30.00
040 _aAKMAL
082 0 4 _a343.5950543 MAL
_222
090 0 0 _a343.5950543
_bMAL
110 1 _aMalaysia
_9400
245 1 0 _aSales Tax (Exemption) Order 2008 :
_ball amendments up to May, 2008 /
_ccompiled by: MDC Legal Advisers
260 _aKuala Lumpur :
_bMDC Publishers,
_c2008
300 _a240p. ;
_c26cm.
490 1 _aLaws of Malaysia
650 1 0 _aTax exemption
_xLaw and legislation
_zMalaysia
_91834
650 2 0 _aSales tax
_xLaw and legislation
_zMalaysia
_9621
710 2 _aPenasihat Undang-Undang MDC
_9405
830 0 _aLaws of Malaysia
_91830
942 _2ddc
_cBOOK
950 _lAKMAL